书目信息 |
| 题名: |
城市旅游的发展与实践
|
|
| 作者: | 崔凤军 著 | |
| 分册: | ||
| 出版信息: | 北京 中国旅游出版社 2006 |
|
| 页数: | 291页 | |
| 开本: | 23cm | |
| 丛书名: | 旅游理论与发展实践研究丛书 | |
| 单 册: | ||
| 中图分类: | F590.3 | |
| 科图分类: | ||
| 主题词: | 城市--旅游业--经济发展--研究 , 城市 , 旅游业 , 经济发展 | |
| 电子资源: | ||
| ISBN: | 7-5032-2709-5 | |
| 000 | 01113oam2 2200301 450 | |
| 001 | 003088508 | |
| 005 | 20091207084111.67 | |
| 010 | @a7-5032-2709-5@dCNY30.00 | |
| 100 | @a20060124d2006 em y0chiy0110 ea | |
| 101 | 0 | @achi |
| 102 | @aCN@b110000 | |
| 105 | @ay z 000yy | |
| 106 | @ar | |
| 200 | 1 | @a城市旅游的发展与实践@9cheng shi lv you de fa zhan yu shi jian@dDevelopment and case study of city tour@e20个命题研究@f崔凤军著@zeng |
| 210 | @a北京@c中国旅游出版社@d2006 | |
| 215 | @a291页@d23cm | |
| 225 | 2 | @a旅游理论与发展实践研究丛书 |
| 330 | @a本书选择了城市旅游发展过程中的20个话题进行研究,涉及城市旅游的多个层次,既有城市营销的内容,又包含了城市旅游产品、城市旅游环境、城市旅游管理的内容,反映了当前城市旅游研究的一些热点问题。 | |
| 461 | 0 | @12001@@a旅游理论与发展实践研究丛书 |
| 510 | 1 | @aDevelopment and case study of city tour@zeng |
| 606 | 0 | @a城市@x旅游业@x经济发展@x研究 |
| 606 | 0 | @a城市 |
| 606 | 0 | @a旅游业 |
| 606 | 0 | @a经济发展 |
| 690 | @aF590.3@v4 | |
| 701 | 0 | @a崔凤军@9cui feng jun@c(旅游经济)@4著 |
| 801 | 0 | @aCN@bNLC@c20091207 |
| 905 | @b20795663-67@dF590.3@e235@f5 | |
| 城市旅游的发展与实践=Development and case study of city tour:20个命题研究/崔凤军著.-北京:中国旅游出版社,2006 |
| 291页;23cm.-(旅游理论与发展实践研究丛书) |
| ISBN 7-5032-2709-5:CNY30.00 |
| 本书选择了城市旅游发展过程中的20个话题进行研究,涉及城市旅游的多个层次,既有城市营销的内容,又包含了城市旅游产品、城市旅游环境、城市旅游管理的内容,反映了当前城市旅游研究的一些热点问题。 |
| ● |
| 相关链接 |
|
|
|
|
正题名:城市旅游的发展与实践
索取号:F590.3/235
 
预约/预借
| 序号 | 登录号 | 条形码 | 馆藏地/架位号 | 状态 | 备注 |
| 1 | 795663 | 207956639 | 第一样本阅览室/ [索取号:F590.3/235] | 在馆 | |
| 2 | 795664 | 207956648 | 第一借阅区/ [索取号:F590.3/235] | 在馆 | |
| 3 | 795665 | 207956657 | 第一借阅区/ [索取号:F590.3/235] | 在馆 | |
| 4 | 795666 | 207956666 | 第一借阅区/ [索取号:F590.3/235] | 在馆 | |
| 5 | 795667 | 207956675 | 密集书库-资源管理系/ [索取号:F590.3/235] | 在馆 |